000
00328nam a2200133 a 4500
008
990520s1989||||xx 0 und c
040
_a
SNK
_b
slo
_c
SNK
_e
AACR2
245
1
0
_a
Slovník spisovného jazyka českého II
_b
H - L
260
_a
Praha
_b
Academia
_c
1989
300
_a
594 s.
020
_c
75
041
_a
ces
044
_a
CZ
999
_c
19229
_d
19229